000 01637nam0a2200313 i 4500
001 RU\NLR\BIBL_A\010410984
005 20240921193829.0
010 _a9785891725317
_9100
021 _aRU
_b2014-32343
_91978
035 _a(NILC)RuMoRGB-007488372
035 _a(NLR Aleph) 010410984
090 _a9757646
_c9757646
100 _a20140701d2013 u y0rusy50 ca
101 0 _arus
102 _aRU
105 _aa|||j|||000yy
200 1 _aАдминистративное право России. Общая часть
_eучебное пособие в схемах
_e[для студентов юридических факультетов]
_fЮ.В. Ростовцева
_gФедер. гос. бюджет. образоват. учреждение высш. проф. образования "Рос. правовая акад. М-ва юстиции Рос. Федерации"
210 _aМосква
_cРПА Минюста России
_d2013
215 _a88, [1] с.
_cил.
_d30
300 _aНа обороте тит. л. авт.: Ю.В. Ростовцева, к.ю.н., доц.
517 1 _aОбщая часть
606 1 _aАдминистративное право
_jУчебные издания для высших учебных заведений
_xОбщая часть
_yРоссийская Федерация
_92086817
_3RU\NLR\AUTH\661262963
686 1 _aХ621я73
700 1 _aРостовцева
_bЮ. В.
_gЮлия Владимировна
801 0 _aRU
_bРГБ
_c20140513
_gRCR
942 _cBOOK
980 _aNBR